000 00323nam a22001457a 4500
008 221206b ||||| |||| 00| 0 eng d
020 _a9780134584010
041 _aeng
080 _2SIXTH EDITION
_a159.9
082 _a159.9WOO
100 _a25
101 _aPSI
245 _aPSYCHOLOGY
_cWOOD. E .S
942 _2udc
_cBK
999 _c59113
_d59113